| 000 | 03308cam a22004454i 4500 | ||
|---|---|---|---|
| 003 | PE-LiUPU | ||
| 005 | 20250731165406.0 | ||
| 008 | 151013s2015 pe a grm 000 0 spa d | ||
| 035 | _a(Sirsi) a154837 | ||
| 040 |
_aPE-LiUPU _bspa _cPE-LiUPU _erda |
||
| 099 |
_aTE 3 _bCH19 2014 |
||
| 100 | 1 |
_aChanducas Zárate, Leroy Agustín _eautor |
|
| 245 | 1 |
_aLiderazgo transformacional de los directores y la satisfacción laboral de los docentes de la Asociación Educativa Adventista Nor Oriental, 2014 / _cLeroy Agustín Chanducas Zárate. |
|
| 264 | 0 | _c2014. | |
| 300 |
_a124 hojas : _bilustraciones; _c30 cm |
||
| 336 |
_atext _2rdacontent |
||
| 337 |
_aunmediated _2rdamedia |
||
| 338 |
_avolume _2rdacarrier |
||
| 502 |
_aTesis _b(Mg.) -- _cUniversidad Peruana Unión, _d2014. |
||
| 504 | _aIncluye lista de referencias | ||
| 520 | 3 | _aEsta investigación tuvo por objeto determinar en qué medida se relacionan el liderazgo transformacional de los directores y la satisfacción laboral de los docentes de la Asociación Educativa Adventista Nor Oriental. Considerando el liderazgo transformacional como el más próximo de los estilos estudiados actualmente al liderazgo requerido en directivos de instituciones adventistas, entendido éste como el líder carismático, inspirador, motivador al cambio y al comportamiento congruente con las creencias, principios y valores, y la satisfacción laboral docente, como el conjunto de actitudes y sentimientos hacia el trabajo para deleite y bienestar. Se trabajó con una muestra de 80 docentes aplicándose un cuestionario que presentaba la variable predictora: liderazgo transformacional y sus cinco dimensiones: consideración individual, influencia idealizada, motivación inspiradora, estimulación intelectual y tolerancia psicológica; así como, de la variable satisfacción laboral docente y cuatro dimensiones: libertad de acción, recompensas, responsabilidad delegada e interrelaciones. Los resultados obtenidos muestran una significativa relación y un alto valor del coeficiente de correlación que existe ente la variable predictora "liderazgo transformacional" y la variable criterio "satisfacción laboral docente" que es R= 0.788; indicando una correlación superior a la media. El coeficiente de variable predictora: Liderazgo transformacional es B= 0.620, indicando que esta variable explica totalmente la satisfacción laboral docente, pues se rechaza la hipótesis nula, esto es, el valor de signo es menor al valor de alfa; e efecto, signo =0.000 <a=0.05. Lo que nos indica que en la Asociación Educativa Adventista Nor Oriental se desarrolla el liderazgo transformacional en sus directores relacionado significativamente con la satisfacción laboral de los docentes. | |
| 526 | _aSEG44 | ||
| 526 | _aSEG26 | ||
| 526 | _aP151 | ||
| 526 | _aP150 | ||
| 526 | _aP149 | ||
| 526 | _aP146 | ||
| 526 | _aP145 | ||
| 526 | _aP126 | ||
| 526 | _aP125 | ||
| 526 | _aP92 | ||
| 526 | _aP75 | ||
| 526 | _aP74 | ||
| 526 | _aP27 | ||
| 526 | _aP15 | ||
| 650 | 0 | 4 |
_aProfesores _xAdministración escolar _xLiderazgo. |
| 596 | _a1 | ||
| 942 |
_2ddc _cTESIS |
||
| 999 |
_aTE 3 CH19 2014 _wALPHANUM _c7533 _iT01762 _lCCODEBUL3 _mBUL _r1 _sY _tTESIS _u2015-10-13 _xPOSGRADO _PP57 _o.STAFF. Tesis _d7533 |
||
| 980 |
_81 _gALBERTO SANCHEZ Responsable de Automatización |
||